000 00447nam a2200181Ia 4500
001 24696
005 20260414151100.0
008 260414t2018||||xx |||||||||||||| ||spa||
041 _aESP
082 _a345.724
_bG67
100 _aGonzales Barrón, Gunther
_eAUT
245 0 _aProceso de desalojo y posesión precaria
_b
260 _c2018
300 _a422 páginas :
_c25 cm.
650 _aDER
654 _aCDE
942 _cLIB
_dJUS
_fJUS
_2ddc
_n
999 _c24696
_d24696